000 00464nam a2200193Ia 4500
005 20240913125800.0
008 240913s9999||||xx |||||||||||||| ||und||
020 _a978-81-86514-21-4
041 _aENGLISH
082 _A623.0954 P8
100 _aJoshi M R
245 0 _aMilitary Bridging
250 _a1st
260 _c2008
_bDE
_aNew Delhi
500 _aREFERENCE
650 _aMilitary Bridging
_bAerospace Engineering
942 _cREF
999 _c246259
_d246259